Stráž na Sioně nowiny ewanjelické pro dum a rodinu slowenskau : měsíční příloha Cirkewních listu

Bibliographic Details
Format: Journal
Language:Slovak
PhysicalDescription:2 zv. 25 cm
Published: Skalica Jozef M. Hurban 1871-1872
ISSN:1337-2130
Subjects:

MARC

LEADER 00000cas a2200000 a 4500
001 vtls009188622
003 SK-MaSNL
005 20260228161128.0
008 200401c18711872xo mr|p 0 b0slo
022 |a 1337-2130 
040 |a SNK  |b slo  |c SNK  |e AACR2 
041 0 |a slo 
044 |a xo  |c SK 
072 7 |a 2  |x Náboženstvo  |2 konspekt 
072 7 |a 271/279  |x Kresťanské cirkvi, sekty, denominácie  |2 konspekt 
080 |a 050  |2 2001 
080 |a 274/278  |2 2001 
080 |a 82-97  |2 2001 
210 0 |a Stráž Sioně  |b (Skalica) 
222 0 |a Stráž na Sioně  |b (Skalica) 
245 0 0 |a Stráž na Sioně  |b nowiny ewanjelické pro dum a rodinu slowenskau : měsíční příloha Cirkewních listu 
260 |a Skalica  |b Jozef M. Hurban  |c 1871-1872 
300 |a 2 zv.  |c 25 cm 
310 |a 1x mesačne 
362 0 |a Roč. I, č. 1 (1871)-roč. II, č. 12 (1872) 
500 |a Zodp. red.: Jozef M. Hurban 
500 |a Tlač Synovia F. X. Škarnicla v Skalici 
650 0 7 |a náboženstvo  |2 SNKPH  |9 2023 
650 0 7 |a cirkevný život  |2 SNKPH  |9 75120 
650 0 7 |a evanjelici  |2 SNKPH  |9 4027 
655 7 |a náboženské časopisy  |2 SNKPH  |9 70790 
700 1 |a Hurban, Jozef Miloslav,  |d 1817-1888  |4 lso  |4 pbl  |9 93005 
772 0 |t Cirkewní listy  |x 1337-1339  |w vtls010297432 
910 |a snk 
916 |a 1871-1872 
958 |a ONDV 
999 |c 4429  |d 6359 
952 |0 0  |1 0  |4 0  |7 0  |a SNK  |b SNK  |d 2008-12-08  |f 1  |i snk459/32  |l 0  |o snkČSC 89/2/1872  |p 17A0606200  |r 2026-02-21 20:22:01  |t č. 1-12  |w 2026-02-21  |y PREZ 
952 |0 0  |1 0  |4 0  |7 0  |a SNK  |b SNK  |d 2008-03-05  |i snk2183/27  |l 0  |o snkČSC 89/1/1871 D2  |p 17A0579747  |r 2026-02-21 20:39:18  |t č. 1-12  |w 2026-02-21  |y PREZ 
952 |0 0  |1 0  |4 0  |7 0  |8 5  |a SNK  |b SNK  |d 2015-01-09  |i snk2015/333  |l 0  |o snkČSC 89/2/1872 D1  |p 17A1089652  |r 2026-02-21 20:43:02  |t č. 1-12, neúpl.  |w 2026-02-21  |y PREZ  |z chýbajú č. 8 a 9 
952 |0 0  |1 0  |4 0  |7 0  |8 5  |a SNK  |b SNK  |d 2015-01-09  |i snkF 4978/78  |l 0  |o snkČSC 89/1/1871 D1  |p 17A1089651  |r 2026-02-21 20:43:02  |t č. 1-12, neúpl.  |w 2026-02-21  |y PREZ  |z chýbajú č. 4 a 11  
952 |0 0  |1 0  |4 0  |7 0  |a SNK  |b SNK  |d 2015-01-09  |f 1  |i snkK 3516/66  |l 0  |o snkČSC 89/1/1871  |p 17A1089650  |r 2026-02-21 20:43:02  |t č. 1-12  |w 2026-02-21  |y PREZ